000 00640nam a22002177a 4500
001 57776
005 20260421100008.0
008 260309s2007 aus||||| |||| 00| 0 eng d
020 _a9780868408040
040 _aBD-DhIUB
_cBD-DhIUB
_dBD-DhIUB
082 _222
_a002
_bY679b
100 _aYoung, Sherman
_97150
245 _aThe book is dead (long live the book) /
_cSherman Young
260 _aSydney :
_bUnivesity of new south wales,
_c2007
300 _avi, 189p. :
_c24 cm.
526 _aLIB
_lGEN
650 0 _aBooks
_97151
650 0 _aPublishers and publishing
_97152
650 0 _aBook industries and trade
_97153
942 _2ddc
_cBK
999 _c57776
_d57950